Największe stany w USA - Statystyki

Ogólne statystyki
  • Ten quiz został rozwiązany 579 razy
  • Średni wynik to 10 z 15
Statystyki odpowiedzi
Powierzchnia Stan % Poprawnych
410 tys. Kalifornia
96%
678 tys. Teksas
96%
1 718 tys. Alaska
91%
295 tys. Arizona
76%
315 tys. Nowy Meksyk
76%
381 tys. Montana
69%
286 tys. Nevada
69%
270 tys. Kolorado
67%
255 tys. Oregon
58%
220 tys. Utah
56%
254 tys. Michigan
55%
217 tys. Idaho
53%
253 tys. Wyoming
52%
225 tys. Minnesota
50%
213 tys. Kansas
48%
Nie znaleziono quizów pasujących do podanych kryteriów
Rozkład punktacji
Procent ludzi z każdym wynikiem
Percentyl według liczby udzielonych odpowiedzi
Twoja historia wyników
Nie rozwiązałeś tego quizu